000 00603 a2200181 4500
999 _c183207
_d183207
005 20220221123124.0
010 _aENG-130433
020 _a978-93-91370-00-8
_c550.00
035 _aEN-113965
037 _bDBAD/PUB
082 _a172.2
_b1
100 _aRajan, Amitabh
245 _aEthical Dimensions of Administrative Power/
_cAmitabh Rajan
260 _aNew Delhi
_bSage Publications India Pvt Ltd.
_c2021
270 _aB-I/I-I, Mohan Cooperative Industrial Area, Mathura Road
_bNew Delhi
_e110044
300 _axxx, 212p.
_c22cm (pbk)
_bIndex
942 _adpl
_cEN
_2ddc
_h172.2
_mRAJ